Процесът - 1873 (Запис номер 186396)
[ съкратено ]
| 000 -Лидер | |
|---|---|
| Контролно поле с фиксирана дължина | 01641nam a2200361 c 4500 |
| 003 - Код на организацията, давaща контролен номер | |
| Контролно поле | BLK |
| 005 - Дата и час на последна редакция | |
| Контролно поле | 20230411030321.0 |
| 008 - Елементи от данни с фиксирана дължина | |
| fixed length control field | 180411b bul|||||r ||||||| ||bul|| |
| 010 ## - Наследен системен номер | |
| LC control number | KNG00195391000 |
| 040 ## - Източник на каталожния запис | |
| Идентификатор на билиотеката - собственик на записа | BLK |
| 041 ## - Код за език | |
| Код за езика на текст/звукозапис или на отделно заглавие | Български |
| Код за езика КДБФ | Български |
| 080 ## - УДК | |
| Текстов определител УДК | Българска литература |
| УДК код - определител по УДК | 821.163.2 |
| УДК определител | -4 |
| УДК - код + определител | 821.163.2-4 |
| 080 ## - УДК | |
| Текстов определител УДК | Националнореволюционно движение през 70-те години |
| УДК код - определител по УДК | 94(497.2)"187..." |
| УДК определител | (092)(0:82-4) |
| УДК - код + определител | 94(497.2)"187..."(092)(0:82-4) |
| 080 ## - УДК | |
| Текстов определител УДК | Васил Иванов Кунчев, известен и като Апостола на свободата, идеолог и организатор на българската национална революция, национален герой |
| УДК код - определител по УДК | 929 Левски, Васил |
| УДК - код + определител | 929 Левски, Васил |
| 100 1# - Редна дума - Автор | |
| Автор | Мутафчиева, Вера Петрова |
| Дати, свързани с автора | 1929-2009 |
| Автор - информация (биография) | писател, историк-османист |
| R(LIN) | 363840 |
| 139 ## - Редно поле | |
| Редна дума | Мутафчиева, Вера Петрова |
| Авторски знак | Мут - М 96 |
| 245 10 - Сведения за заглавието | |
| Заглавие | Процесът - 1873 |
| Подзаглавни данни | Левски пред съда : Есе |
| Редно поле (дума) | Вера Петрова Мутафчиева. |
| 250 ## - Област на изданието | |
| Сведения за изданието | 2. изд. |
| 257 ## - Страна на издаване | |
| Страна на създаване/издаване | България |
| 260 ## - Област на издателските данни | |
| Име на издателя, разпространителя и проч. | Христо Г. Данов |
| Година на издаване | 1972 |
| Място на издаване, разпространение и проч. | Плодив |
| 300 ## - Физическа характеристика | |
| Страници | 116 с. |
| Размери/Мащаб | 21 см |
| 380 ## - Жанр | |
| Жанр | Худож. лит. |
| 500 ## - Общи забележки | |
| Забележка | 1. изд. 1972. - 20 300 тир. |
| 653 ## - Ключова дума – ненормативна | |
| Ключова дума | Васил Левски |
| 653 ## - Ключова дума – ненормативна | |
| Ключова дума | есета |
| 852 ## - Местоположение | |
| Форматна сигнатура | Цб 66131 |
| 856 4# - Електронен адрес и достъп | |
| Електронен формат | pdf - файл |
| 856 4# - Електронен адрес и достъп | |
| Електронен формат | pdf - файл |
| 999 ## - СИСТЕМНИ КОНТРОЛНИ НОМЕРА | |
| Koha biblionumber | 186396 |
| Koha biblioitemnumber | 186396 |
| 942 ## - АРТИКУЛИ | |
| Вид на библиотечния материал | Книги |
| Скрит в OPAC | Не |
| Koha issues (borrowed), all copies | 2 |
| Периодичен библиозапис | Да |
| 944 ## - СЪЗДАВАНЕ И РЕДАКЦИЯ на ЗАПИСА | |
| Създаване/Редакция | Създаване |
| Дата на регистрацията/редакция | 08.11.2016 |
| Служител, извършил регистрацията/редакцията | Кети_Илиева |
| 944 ## - СЪЗДАВАНЕ И РЕДАКЦИЯ на ЗАПИСА | |
| Създаване/Редакция | Редакция |
| Дата на регистрацията/редакция | 08.11.2016 |
| Служител, извършил регистрацията/редакцията | Кети_Илиева |
| 999 ## - СИСТЕМНИ КОНТРОЛНИ НОМЕРА | |
| Koha biblioitemnumber | 186396 |
| Код за отписване | Код за изгубен артикул | Източник на класификационната схема | Код за повреда | Коз за рестрикции | Код за отдаване | Артикулен № | Име на библиотеката - собственик | Име на библиотеката, в която се намира в момента | Статус (Текущо местоположение) | Дата на вписване в системата | Местоположение - отдел | Цена в лева | Инвентарен номер | Систематично азбучна сигнатура | Баркод | Номер на екземпляра | Цена в евро | Служебна бележка | Служебен тип на артикула |
|---|---|---|---|---|---|---|---|---|---|---|---|---|---|---|---|---|---|---|---|
| Не е изгубен | Universal Decimal Classification | Не е повреден | без рестрикции | ползва се в читалня | 324442 | Регионална библиотека "Любен Каравелов" Русе | Регионална библиотека "Любен Каравелов" Русе | Хранилище | 1972-01-01 | Хранилище | 0.75 | 133074 | Цб 66131 | 120000133074 | 1 | 0.38 | Вид: Сф Дата: 01.01.1972 | Книги | |
| Изтеглен | Не е изгубен | Universal Decimal Classification | Не е повреден | без рестрикции | заемане за дома | 324443 | Регионална библиотека "Любен Каравелов" Русе | Регионална библиотека "Любен Каравелов" Русе | Заемна - подръчен фонд | 1972-01-01 | Заемна - подръчен фонд | 0.75 | 131517 | П 886.7-4/М 96 | 131517 | 2 | 0.38 | Вид: Сф Дата: 01.01.1972 Дата инв: 13.02.2018 Бележки инв: П2018 | Книги |